| 000 | 00546nam a2200181Ia 4500 | ||
|---|---|---|---|
| 008 | 100920s9999 xx 000 0 und d | ||
| 082 |
_b9013 _a891.43 थ 56 |
||
| 100 | _aबोरकर बा. भ. | ||
| 245 | _aदेवदासी. | ||
| 260 |
_bसत्ससाहित्य प्रकाशन, दिल्ली. _c1956 |
||
| 300 |
_a214 _bसाधी |
||
| 365 | _b2 | ||
| 520 | _aहिंदी. | ||
| 630 | _aदेवदासी. | ||
| 650 | _aहिंदी. | ||
| 730 | _aदेवदासी. | ||
| 942 | _cBOOK | ||
| 999 |
_c676155 _d676152 |
||